Central Library OPAC University of Rajshahi

আব্বাসউদ্দিন / (Record no. 64690)

MARC details
000 -LEADER
fixed length control field 01104nam a2200253 a 4500
001 - CONTROL NUMBER
control field 64690
003 - CONTROL NUMBER IDENTIFIER
rucl marc code BD-RjUL
005 - DATE AND TIME OF LATEST TRANSACTION
control field 20211209081333.0
008 - FIXED-LENGTH DATA ELEMENTS--GENERAL INFORMATION
fixed length control field 170219s2002 ii a|||| |||| 000 0dbe d
020 ## - INTERNATIONAL STANDARD BOOK NUMBER
International Standard Book Number 818736047X
Terms of availability : IRs. 120.00
035 ## - SYSTEM CONTROL NUMBER
System control number (BD-RjUL)64820
040 ## - CATALOGING SOURCE
Original cataloging agency BD-RjUL
Language of cataloging ben
Transcribing agency BD-RjUL
Modifying agency BD-RjUL
041 ## - LANGUAGE CODE
Language code of text/sound track or separate title ben
082 ## - DEWEY DECIMAL CLASSIFICATION NUMBER
Edition number 23
Classification number 781.629144092
Author mark and year CHA 2002
100 1# - MAIN ENTRY--PERSONAL NAME
Personal name চৌধুরী, আবুল আহসান
9 (RLIN) 170482
245 10 - TITLE STATEMENT
Title আব্বাসউদ্দিন /
Statement of responsibility, etc. আবুল আহসান চৌধুরী
260 ## - PUBLICATION, DISTRIBUTION, ETC. (IMPRINT)
Place of publication, distribution, etc. কলকাতা :
Name of publisher, distributor, etc. লোকসংস্কৃতি ও আদিবাসী সংস্কৃতি কেন্দ্র ;
Date of publication, distribution, etc. ২০০২
300 ## - PHYSICAL DESCRIPTION
Pagination [১৬] ২২৮, [৩২] পৃ. :
Illustrations চিত্র.
Size ২২ সেমি.
600 ## - SUBJECT ADDED ENTRY--PERSONAL NAME
Personal name আব্বাসউদ্দিন
General subdivision জীবনী
Personal name AbbashUddin
General subdivision Biography
650 ## - SUBJECT ADDED ENTRY--TOPICAL TERM
Topical term or geographic name as entry element বাংলা লোকসংগীত শিল্পী
General subdivision জীবনী
9 (RLIN) 237371
Topical term or geographic name as entry element Bengali Folk music Artist
General subdivision Biography
9 (RLIN) 237372
942 ## - ADDED ENTRY ELEMENTS (KOHA)
Source of classification or shelving scheme Dewey Decimal Classification
Koha item type Books
Holdings
Lost status Source of classification or shelving scheme Damaged status Not for loan Collection code Permanent Location Current Location Shelving location Date acquired Source of acquisition Cost, normal purchase price Total Checkouts Full call number Date last seen Copy number Koha item type
  Dewey Decimal Classification     Non-fiction Central Library, University of Rajshahi Central Library, University of Rajshahi   13/03/2008 Dhaka, Paragon Enterprises Ltd 120.00   B 781.629144092 CHA 2002 19/02/2017 C-2 Books
  Dewey Decimal Classification   Not For Loan Non-fiction Central Library, University of Rajshahi Central Library, University of Rajshahi Reading Room 13/03/2008 Paragogn Enterprise, Dhaka 120.00   B 781.629144092 CHA 2002 19/02/2017 C-1 Books
  Dewey Decimal Classification     Non-fiction Central Library, University of Rajshahi Central Library, University of Rajshahi   13/03/2008 Dhaka, Paragon Enterprises Ltd. 120.00   B 781.629144092 CHA 2002 02/01/2020 C-3 Books
  Dewey Decimal Classification     Non-fiction Central Library, University of Rajshahi Central Library, University of Rajshahi   13/03/2008 Dhaka, Paragon Enterprises Ltd. 120.00   B 781.629144092 CHA 2002 02/01/2020 C-4 Books
  Dewey Decimal Classification     Non-fiction Central Library, University of Rajshahi Central Library, University of Rajshahi   13/03/2008 Dhaka, Paragon Enterprises Ltd. 120.00   B 781.629144092 CHA 2002 02/01/2020 C-5 Books